000 00921nam a22002897a 4500
001 BR2014000004
003 BR-BrBNA
005 20230928104332.0
007 ta
008 230509b bl.||||| |||| 00| 0 por d
040 _aBR-BrBNA
_bpor
_cBiblioteca Nacional de Agricultura
041 _a(Por)
072 _aF30
_b0120
090 _ 0120 BR2014000004
100 1 _aMelo, W.M.C.
110 1 _aUniversidade Federal de Lavras, MG (Brasil)
_0Tese (Mestre em Agronomia/Fitotecnia)
245 1 _aModelos mistos no estudo da heterose e predição do desempenho de híbridos de milho
260 3 _aLavras, MG (Brasil):
_c2013.
300 _a120 p.
500 _aIncludes several bibliographies; Summaries (Eng, Por); 22 illus.; 6 tables
650 _aMILHO
650 _aZEA MAYS
650 _aMELHORAMENTO GENÉTICO VEGETAL
650 _aVIGOR HÍBRIDO
909 _a202309
_bLucia
_c55
_dLucia Elande
942 _cBK
999 _c79364
_d79364